|
|
|
|
| LEADER |
00761nab a2200229 i 4500 |
| 001 |
publ22684 |
| 005 |
20211019134325.0 |
| 008 |
211019s2021 hu o 0|| Magyar d |
| 022 |
|
|
|a 0039-8101
|
| 024 |
7 |
|
|a 32458827
|2 mtmt
|
| 040 |
|
|
|a SZTE Publicatio Repozitórium
|b hun
|
| 041 |
|
|
|a Magyar
|
| 100 |
1 |
|
|a Zeffer Tamás
|
| 245 |
1 |
2 |
|a A retinopathia diabetica szűrési modellje Magyarországon
|h [elektronikus dokumentum] /
|c Zeffer Tamás
|
| 260 |
|
|
|c 2021
|
| 300 |
|
|
|a 133-137
|
| 490 |
0 |
|
|a SZEMÉSZET
|v 158 No. 3
|
| 650 |
|
4 |
|a Klinikai orvostan
|
| 700 |
0 |
2 |
|a B. Tóth Barbara
|e aut
|
| 700 |
0 |
2 |
|a Vízvári Eszter
|e aut
|
| 700 |
0 |
2 |
|a Tóth-Molnár Edit
|e aut
|
| 856 |
4 |
0 |
|u http://publicatio.bibl.u-szeged.hu/22684/1/Szemeszet158.20213.133-137..pdf
|z Dokumentum-elérés
|